Innovative trends in polymer blends (Record no. 61430)

MARC details
000 -LEADER
fixed length control field 00355nam a2200145Ia 4500
100 ## - MAIN ENTRY--AUTHOR NAME
Personal name Patel M M
245 #0 - TITLE STATEMENT
Title Innovative trends in polymer blends
260 ## - PUBLICATION, DISTRIBUTION, ETC. (IMPRINT)
Name of publisher Rubber Asia
Year of publication 1996
300 ## - PHYSICAL DESCRIPTION
Number of Pages 65-69
650 ## - SUBJECT ADDED ENTRY--TOPICAL TERM
Topical Term Modified rubbers
650 ## - SUBJECT ADDED ENTRY--TOPICAL TERM
Topical Term Polymer blends
650 ## - SUBJECT ADDED ENTRY--TOPICAL TERM
Topical Term Silica filler
942 ## - ADDED ENTRY ELEMENTS (KOHA)
Koha item type Journals
Holdings
Withdrawn status Lost status Damaged status Not for loan Home library Current library Shelving location Date acquired Serial Enumeration / chronology Koha item type
      Journals RRII Library RRII Library Rubber chemistry 17/12/2021 Volume 10, Issue 4 Journals